Newcastle United Squad 2025-2026 - Statistics

General Stats
  • This quiz has been taken 416 times
    313 since last reset
  • The average score is 22 of 29
Answer Stats
# Position Nation Player % Correct
1 GK England Nick Pope
98%
8 MF Italy Sandro Tonali
97%
39 MF Brazil Bruno Guimarães
96%
7 MF Brazil Joelinton
96%
10 FW England Anthony Gordon
92%
5 DF Switzerland Fabian Schär
92%
27 FW Germany Nick Woltemade
92%
9 FW DR Congo Yoane Wissa
89%
2 DF England Kieran Trippier
88%
4 DF Netherlands Sven Botman
88%
20 FW Sweden Anthony Elanga
87%
33 DF England Dan Burn
86%
21 DF England Tino Livramento
86%
11 FW England Harvey Barnes
84%
3 DF England Lewis Hall
82%
12 DF Germany Malick Thiaw
81%
- Coach England Eddie Howe
78%
32 GK England Aaron Ramsdale
75%
37 DF Ireland Alex Murphy
75%
23 FW England Jacob Murphy
75%
67 MF England Lewis Miley
70%
28 MF England Joe Willock
65%
17 DF Sweden Emil Krafth
63%
18 FW Denmark William Osula
63%
6 DF England Jamaal Lascelles
62%
41 MF England Jacob Ramsey
57%
29 GK England Mark Gillespie
35%
26 GK England John Ruddy
32%
30 DF Scotland Harrison Ashby
22%
No matching quizzes found
Score Distribution
Percent of People with Each Score
Percentile by Number Answered
Your Score History
You have not taken this quiz since the last reset